Zdroje sociálního zabezpečení. 13
Platenie príspevkov zamerané na sociálne zabezpečenie. Sociálne zabezpečenie vo svete. Systém platobných príspevkov na sociálne zabezpečenie v jednotlivých štátoch sveta. Výhoda kapitálového finančného trhu.
Guardado en:
| Autor principal: | |
|---|---|
| Formato: | Capítulo de libro |
| Lenguaje: | checo |
| Materias: | |
| Etiquetas: |
Sin Etiquetas, Sea el primero en etiquetar este registro!
|
MARC
| LEADER | 00000naa a2200000 4500 | ||
|---|---|---|---|
| 001 | r027127 | ||
| 005 | 20230920094052.4 | ||
| 041 | 0 | |a cze | |
| 044 | |a CZ | ||
| 245 | 1 | 0 | |a Zdroje sociálního zabezpečení. 13 |c J. Vostatek |
| 520 | |a Platenie príspevkov zamerané na sociálne zabezpečenie. Sociálne zabezpečenie vo svete. Systém platobných príspevkov na sociálne zabezpečenie v jednotlivých štátoch sveta. Výhoda kapitálového finančného trhu. | ||
| 610 | 2 | 0 | |a zabezpečenie sociálne |
| 610 | 2 | 0 | |a trh kapitálový |
| 610 | 2 | 0 | |a príspevky sociálne |
| 100 | 1 | |a Vostatek, Jaroslav | |